000 01015cam a2200229 4500
001 ABS65959
008 020925n2002 000 0 eng u
035 _a(Sirsi) u119858
100 _aKelly, J.
245 _aAccess charges
260 _c2002
490 _aEstates Gazette
_v(0232)
520 _aHighlights how the Disability Discrimination Act (DDA) has affected the ability of landlords to recover the cost of adjustments to common parts through the service charge. Reports that landlords can often insist that tenants comply with the DDA. Service charge clauses should enable recovery of costs in making common parts accessible, whereas the effect at rent review is less clear-cut.
590 _aABS
650 _aMANAGEMENT-BUSINESS MANAGEMENT-DISCRIMINATION-DISABILITY DISCRIMINATION-ACCESSIBILITY
650 _aDISABILITY DISCRIMINATION ACT 1995
650 _aSERVICE CHARGES
650 _aRENT REVIEWS
690 _aLANDLORD AND TENANT-BUSINESS TENANCIES
700 _aLevy, D
942 _n0
999 _c71237
_d71237